| 000 | 00647cab a2200241 4500 | ||
|---|---|---|---|
| 001 | ABS60311 | ||
| 008 | 090401t1999 xxu||||| |||| 00| 0 eng d | ||
| 035 | _a(Sirsi) u92263 | ||
| 041 | _aeng | ||
| 100 | _aBraithwaite, P. | ||
| 245 | 4 | _aThe same old storey? | |
| 260 | _c1999 | ||
| 350 | _a0 | ||
| 490 |
_aInvestors Chronicle _v127(1621) 19 March 1999, 43-46(3) |
||
| 650 | _aINVESTORS | ||
| 650 | _aPROPERTY ASSETS | ||
| 650 | _aPROPERTY INVESTMENT | ||
| 650 | _aRESIDENTIAL LETTINGS MARKET | ||
| 650 | _aRESIDENTIAL PROPERTY INVESTMENT | ||
| 690 | _aPROPERTY-PROPERTY FINANCE AND INVESTMENT | ||
| 942 | _n0 | ||
| 948 | _c23/03/1999 | ||
| 999 |
_c58502 _d58502 |
||